000 00264nam a22001097a 4500
008 170123b xxu||||| |||| 00| 0 eng d
020 _a9780721698434
041 _aeng
080 _25TH
_a618.2
245 _aPHARMACOLOGY FOR NURSINGCARE
_cLEHNE, R.A
942 _2udc
_cBK
999 _c3388
_d3388